Anvesha : (Record no. 231462)
[ view plain ]
| 000 -LEADER | |
|---|---|
| fixed length control field | 00938nam a22002297a 4500 |
| 003 - CONTROL NUMBER IDENTIFIER | |
| control field | OSt |
| 005 - DATE AND TIME OF LATEST TRANSACTION | |
| control field | 20240719143629.0 |
| 008 - FIXED-LENGTH DATA ELEMENTS--GENERAL INFORMATION | |
| fixed length control field | 240718b ||||| |||| 00| 0 eng d |
| 022 ## - INTERNATIONAL STANDARD SERIAL NUMBER | |
| Source | 09745467 |
| 040 ## - CATALOGING SOURCE | |
| Transcribing agency | AIMIT LIBRARY |
| 082 ## - DEWEY DECIMAL CLASSIFICATION NUMBER | |
| Classification number | 658 |
| Item number | ANVE |
| 110 ## - MAIN ENTRY--CORPORATE NAME | |
| Corporate name or jurisdiction name as entry element | Indian Education Society |
| 9 (RLIN) | 173637 |
| 245 ## - TITLE STATEMENT | |
| Title | Anvesha : |
| Remainder of title | Journal of IES management college and researh centre / |
| Statement of responsibility, etc. | By Indian Education Society. |
| 260 ## - PUBLICATION, DISTRIBUTION, ETC. | |
| Place of publication, distribution, etc. | Mumbai : |
| Name of publisher, distributor, etc. | IES Management College and Research Centre , |
| Date of publication, distribution, etc. | 2010. |
| 300 ## - PHYSICAL DESCRIPTION | |
| Other physical details | HB |
| Dimensions | 28 cm. |
| 440 ## - SERIES STATEMENT/ADDED ENTRY--TITLE | |
| Title | Anvesha |
| Volume/sequential designation | Vol.3 No.1&2-2010, Vol.5 No.2-4/2012, Vol.4 No.2/2011 |
| 9 (RLIN) | 173638 |
| 440 ## - SERIES STATEMENT/ADDED ENTRY--TITLE | |
| Volume/sequential designation | Vol.6 No.1-4/2013, Vol.7 No.1-3/2014 |
| 440 ## - SERIES STATEMENT/ADDED ENTRY--TITLE | |
| Volume/sequential designation | Vol.7 No.4-2014, Vol.8 No.1-4/2015, Vol.9 No.1-4/2016, Vol.10 No.1&2/2017 |
| 650 ## - SUBJECT ADDED ENTRY--TOPICAL TERM | |
| Topical term or geographic name entry element | Reverse mortgage |
| 9 (RLIN) | 173639 |
| 650 ## - SUBJECT ADDED ENTRY--TOPICAL TERM | |
| Topical term or geographic name entry element | Measurement of employees service quality and delivery in selected public private and foreign sector |
| 9 (RLIN) | 173640 |
| 942 ## - ADDED ENTRY ELEMENTS (KOHA) | |
| Source of classification or shelving scheme | Dewey Decimal Classification |
| Koha item type | Bound Volume |
| Call number prefix | 2010,2011,2012 |
| Withdrawn status | Lost status | Source of classification or shelving scheme | Damaged status | Not for loan | Collection code | Home library | Current library | Shelving location | Date acquired | Serial Enumeration / chronology | Total Checkouts | Full call number | Barcode | Date last seen | Price effective from | Koha item type |
|---|---|---|---|---|---|---|---|---|---|---|---|---|---|---|---|---|
| Dewey Decimal Classification | MBA | St Aloysius Institute of Management & Information Technology | St Aloysius Institute of Management & Information Technology | Bound Volume Section | 07/18/2024 | Vol.3 No.1&2-2010/ Vol.5 No.2-4/2012/ Vol.4 No.2-2011 | 658 ANVE | BVM754 | 07/18/2024 | 07/18/2024 | Bound Volume | |||||
| Dewey Decimal Classification | MBA | St Aloysius Institute of Management & Information Technology | St Aloysius Institute of Management & Information Technology | Bound Volume Section | 07/18/2024 | Vol.6 No.1-4/2013/ Vol.7 No.1-3/2014 | 658 ANVE | BVM877 | 07/18/2024 | 07/18/2024 | Bound Volume | |||||
| Dewey Decimal Classification | MBA | St Aloysius Institute of Management & Information Technology | St Aloysius Institute of Management & Information Technology | Bound Volume Section | 07/18/2024 | Vol.7 No.4-2014/ Vol.8 No.1-4/2015/ Vol.9 No.1-4/2016/ Vol.10 No.1&2-2017 | 658 ANVE | BVM969 | 07/19/2024 | 07/18/2024 | Bound Volume |